[Event "VIE-ch U13"]
[Site "Ho Chi Minh City"]
[Date "2014.07.16"]
[Round "6"]
[White "Phan, Nguyen Dang Khoa"]
[Black "Nguyen, Doan Nam Anh"]
[Result "0-1"]
[WhiteElo "1782"]
[BlackElo "1807"]
[PlyCount "82"]
[EventDate "2014.07.13"]
[EventType "swiss"]
[EventRounds "9"]
[EventCountry "VIE"]
[SourceTitle "EXT 2016"]
[Source "ChessBase"]
[SourceDate "2015.10.08"]
[SourceVersion "1"]
[SourceVersionDate "2015.10.08"]
[SourceQuality "1"]

1. e4 c5 2. Nc3 d6 3. f4 Nc6 4. Bb5 a6 5. Bxc6+ bxc6 6. Nf3 a5 7. 0-0 g6 8. d3 Bg7 9. Bd2 e6 10. Rb1 Ne7 11. e5 dxe5 12. fxe5 Bxe5 13. Nxe5 Qd4+ 14. Kh1 Qxe5 15. Ne4 Nf5 16. Rxf5 exf5 17. Bc3 Qe7 18. Bf6 Qe6 19. Bxh8 fxe4 20. Qg1 Qe7 21. dxe4 Be6 22. b3 Rd8 23. e5 Rd2 24. Bf6 Qd7 25. Qxc5 Rd1+ 26. Rxd1 Qxd1+ 27. Qg1 Qxc2 28. h3 Bd5 29. Bh4 Qxa2 30. Kh2 Qb2 31. Bf6 Qc2 32. Bg5 Qb2 33. Bf6 h6 34. h4 Qc2 35. Kh3 Qxb3+ 36. g3 Be6+ 37. Kh2 Qc2+ 38. Qg2 Qxg2+ 39. Kxg2 a4 40. Bg7 a3 41. Bxh6 a2 0-1

[Event "VIE-ch U13"]
[Site "Ho Chi Minh City"]
[Date "2014.07.15"]
[Round "4"]
[White "Doan, Khanh Hung"]
[Black "Phan, Nguyen Dang Khoa"]
[Result "1-0"]
[WhiteElo "1789"]
[BlackElo "1782"]
[PlyCount "69"]
[EventDate "2014.07.13"]
[EventType "swiss"]
[EventRounds "9"]
[EventCountry "VIE"]
[SourceTitle "EXT 2016"]
[Source "ChessBase"]
[SourceDate "2015.10.08"]
[SourceVersion "1"]
[SourceVersionDate "2015.10.08"]
[SourceQuality "1"]

1. e4 e6 2. d4 d5 3. exd5 exd5 4. Nf3 c5 5. c3 Nc6 6. Be2 Bd6 7. 0-0 Nge7 8. b3 0-0 9. Bb2 Qb6 10. Bd3 Bg4 11. Nbd2 cxd4 12. cxd4 Nxd4 13. Bxd4 Qb4 14. Bxh7+ Kxh7 15. Ng5+ Kg8 16. Qxg4 f5 17. Qh5 Rfc8 18. Qh7+ Kf8 19. Qh8+ Ng8 20. Qxg7+ Ke8 21. Rfe1+ Be7 22. Qxg8+ Kd7 23. Qxd5+ Bd6 24. Qe6+ Kc6 25. Rac1+ Kb5 26. Qxf5+ Ka6 27. Qd3+ b5 28. Rxc8 Rxc8 29. a4 Bf4 30. Qxb5+ Qxb5 31. axb5+ Kxb5 32. Be3 Be5 33. Bxa7 Bc3 34. Nge4 Ba5 35. Nd6+ 1-0

[Event "VIE-ch U13"]
[Site "Ho Chi Minh City"]
[Date "2014.07.13"]
[Round "1"]
[White "Phan, Nguyen Dang Khoa"]
[Black "Hoang, Vu Trung Nguyen"]
[Result "0-1"]
[WhiteElo "1782"]
[BlackElo "1747"]
[PlyCount "68"]
[EventDate "2014.07.13"]
[EventType "swiss"]
[EventRounds "9"]
[EventCountry "VIE"]
[SourceTitle "EXT 2016"]
[Source "ChessBase"]
[SourceDate "2015.10.08"]
[SourceVersion "1"]
[SourceVersionDate "2015.10.08"]
[SourceQuality "1"]

1. e4 e6 2. d4 d5 3. exd5 exd5 4. c4 c6 5. Bd3 Nf6 6. Nf3 Be7 7. h3 0-0 8. 0-0 Be6 9. Bf4 dxc4 10. Be2 Bd6 11. Bg5 Nbd7 12. Nbd2 Qc7 13. Nxc4 Bxc4 14. Bxc4 Ne4 15. Be3 h6 16. Rc1 Rae8 17. Qd3 Ndf6 18. Nh4 Bf4 19. f3 Bxe3+ 20. Qxe3 Ng3 21. Qf2 Nxf1 22. Qxf1 Qf4 23. Qf2 Qxc1+ 24. Bf1 Qe1 25. Nf5 Qxf2+ 26. Kxf2 Nd5 27. Bc4 Re6 28. b4 Rfe8 29. Ng3 Nxb4 30. Bxe6 Rxe6 31. a3 Nd3+ 32. Kg1 Re1+ 33. Kh2 Ra1 34. Ne4 Rxa3 0-1